| 000 | 00955nam a2200229Ia 4500 | ||
|---|---|---|---|
| 003 | Ost | ||
| 005 | 20260507075056.0 | ||
| 008 | 260507s9999||||xx |||||||||||||| ||und|| | ||
| 040 | _cfsecg | ||
| 041 | _aara | ||
| 082 | _a301 | ||
| 100 |
_aالجوهري، محمد _eمؤلف |
||
| 245 | 0 |
_aطرق البحث الاجتماعي / _c محمد الجوهري |
|
| 250 | _aطبعة 5 (موسعة ومعدلة) | ||
| 260 |
_aالقاهرة: _bمطبعة العمرانية, _c2004 |
||
| 300 |
_a391 صفحة؛ _bإيضاحات ؛ _c24 سم |
||
| 520 | _aمقدمة عامة في البحث الاجتماعي،طرق البحث الاجتماعي،الدراسة الأنثروبولوجية الميدانية مع التطبيق على دراسة التراث الشعبي | ||
| 653 | _aالبحث الإجتماعي | ||
| 653 | _aالتراث الشعبي | ||
| 700 |
_aالخريجي، عبد الله _eمؤلف ثانوي |
||
| 942 | _cكتاب | ||
| 999 |
_c42738 _d42738 |
||